Datum a čas kvízu
33
Celkem bodů
Celkový počet nahraných bodů na tomto kvízu bez doplňovacích otázek.
1.
Pořadí na kvízu
Konečné umístění týmu na tomto kvízu.
Zaznamenané odpovědi
| # | Otázka | Odpověď | Body | Výsledky |
|---|---|---|---|---|
| 1. | Jedenáct klavírů a pian českéh... | Karel Komárek | 1 | |
| 2. | Rádio Svobodná Evropa se poprv... | Maďarsko | 0 | |
| 3. | Den po sobě, ve středu a ve čt... | Hugh Grant, Colin Firth | 1 | |
| 4. | Ve Francii se během celostátní... | rtěnka | 1 | |
| 5. | Velká cena Itálie v Monze měla... | Pierre Gasly | 0 | |
| 6. | Za celou historii udělování No... | Marie Curie-Skłodowská | 1 | |
| 7. | Pouze dvěma Čechům v historii... | Jaroslav Heyrovský, Jaroslav Seifert | 1 | |
| 8. | V roce 1954 obdržel Nobelovu c... | Ernest Hemingway, Stařec a moře | 1 | |
| 9. | Přiřaďte laureáty Nobelových c... | 1D 2A 3B 4C | 0 | |
| 10. | Vyberte nepravdivé tvrzení o p... | C | 0 |